• 首页
  • 本馆介绍
  • 公告通知
  • 最新文献
  • 馆藏检索
  • 电子资源
  • 读者导购
  • 参考咨询
  • 我的图书馆
  • 登录
  • 详细信息显示
  • 放入我的书架
  • 预约/预借图书
  • 作者相关作品
  • 分类相关作品
  • 丛书相关作品
  • 出版社相关作品

书目信息

  • 表格格式
  • 工作单格式
  • 卡片格式
题名:
普通植物病理学
    
 
作者: 许志刚 主编
分册:  
出版信息: 北京   中国农业出版社  2004
页数: 377页
开本: 26cm
丛书名:
单 册:
中图分类: S432.1
科图分类:
主题词: 植物病理学--高等学校--教材
电子资源:
ISBN: 7-109-08169-9
000 00647nam0 2200229 45
001 0198007982
005 20070716100728.21
010    @a7-109-08169-9@dCNY31.90
100    @a19980209d2004 em y0chiy0121 ea
101 0  @achi
102    @aCN@b110000
105    @ay z 000yy
200 10 @a普通植物病理学@Apu tong zhi wu bing li xue@f许志刚主编
205    @a3版
210    @a北京@c中国农业出版社@d2004
215    @a377页@d26cm
300    @a全国高等农业院校教材 植物保护各专业用
606    @a植物病理学@x高等学校@x教材
690    @aS432.1@v3
701  0 @a许志刚@Axu zhi gang@4主编
801  0 @aCN@bTSSF@c20070716
905    @a10447@dS432.1@e50=3
    
    普通植物病理学/许志刚主编.-3版.-北京:中国农业出版社,2004
    377页;26cm
    全国高等农业院校教材 植物保护各专业用
    
    ISBN 7-109-08169-9:CNY31.90
    
●
相关链接 在E读中查询图书 在五车中查询图书 在当当中查询图书 在豆瓣中查询图书


正题名:普通植物病理学     索取号:S432.1/50=3         预约/预借

序号 登录号 条形码 馆藏地/架位号 状态 备注
1 0501539   205015393   密集书库/ [索取号:S432.1/50=3] 在馆    
2 0501540   205015400   密集书库/ [索取号:S432.1/50=3] 在馆    
3 0501541   205015419   密集书库/ [索取号:S432.1/50=3] 在馆    
4 0779343   207793431   密集书库/ [索取号:S432.1/50=3] 在馆    
5 0779604   207796045   密集书库/ [索取号:S432.1/50=3] 在馆    
唐山师范学院图书馆 欢迎您!
大连网信软件有限公司© 版权所有